| 000 | 00647cam a2200241 4500 | ||
|---|---|---|---|
| 001 | J99060 | ||
| 008 | 090401t1999 xxu||||| |||| 00| 0 eng d | ||
| 035 | _a(Sirsi) u93812 | ||
| 041 | _aeng | ||
| 050 | _a333.3370942496 | ||
| 110 |
_aRichard Ellis St. Quintin _93738 |
||
| 245 | _aBirmingham market bulletin : Birmingham office market. - Spring 1999 | ||
| 260 |
_bRichard Ellis St. Quintin _c1999 |
||
| 300 | _a4p. ; 30cm. | ||
| 350 | _a0 | ||
| 650 | _aBIRMINGHAM | ||
| 650 | _aFLOORSPACE STATISTICS | ||
| 650 | _aOFFICES | ||
| 650 | _aPROPERTY MARKET | ||
| 690 | _aPROPERTY-COMMERCIAL PROPERTY | ||
| 942 | _n0 | ||
| 948 | _c08/06/1999 | ||
| 999 |
_c97860 _d97860 |
||